[Event "CZE-chT2B 1314"]
[Site "Czech Republic"]
[Date "2013.12.15"]
[Round "4.2"]
[White "Makevich, Pavel"]
[Black "Umanec, Filip"]
[Result "0-1"]
[WhiteElo "2119"]
[BlackElo "2244"]
[PlyCount "102"]
[EventDate "2013.11.03"]
[EventType "team-tourn"]
[EventRounds "11"]
[EventCountry "CZE"]
[SourceTitle "EXT 2015"]
[Source "ChessBase"]
[SourceDate "2014.11.20"]
[SourceVersion "1"]
[SourceVersionDate "2014.11.20"]
[SourceQuality "1"]
[WhiteTeam "Usti nad Labem"]
[BlackTeam "Neratovice"]
[WhiteTeamCountry "CZE"]
[BlackTeamCountry "CZE"]

1. e4 d6 2. d4 Nf6 3. Nc3 Nbd7 4. Nf3 e5 5. Bc4 Be7 6. 0-0 0-0 7. Re1 c6 8. a4 b6 9. d5 cxd5 10. Nxd5 Bb7 11. b3 Rc8 12. Re2 Bxd5 13. Bxd5 Nxd5 14. Qxd5 Nf6 15. Qd1 Qd7 16. c4 a6 17. Qd3 Qg4 18. h3 Qe6 19. a5 Rc6 20. axb6 Rxb6 21. Be3 Rc6 22. Rea2 Qc8 23. c5 dxc5 24. Nxe5 Rd6 25. f4 Qb7 26. Rxa6 Rxa6 27. Rxa6 Nxe4 28. Nc6 Bh4 29. Qc4 Nd6 30. Qd3 Ne4 31. b4 Re8 32. bxc5 Qc8 33. Rb6 Qc7 34. Qd5 Nc3 35. Qd3 Na4 36. Ra6 Nb2 37. Qd6 Qc8 38. Ra3 Nc4 39. Na7 Nxd6 40. Nxc8 Nxc8 41. Ra8 Nd6 42. Ra7 Rxe3 43. cxd6 Re8 44. g4 Rd8 45. d7 Bf6 46. Rc7 h6 47. Rc8 Kf8 48. h4 Bxh4 49. g5 Ke7 50. gxh6 gxh6 51. Rc6 Bf6 0-1

[Event "Pardubice op rap 24th"]
[Site "Pardubice"]
[Date "2013.07.18"]
[Round "4"]
[White "Makevich, Pavel"]
[Black "Cerveny, Martin"]
[Result "0-1"]
[WhiteElo "2119"]
[BlackElo "2357"]
[PlyCount "64"]
[EventDate "2013.07.17"]
[EventType "swiss (rapid)"]
[EventRounds "9"]
[EventCountry "CZE"]
[SourceTitle "CBM 155 Extra"]
[Source "ChessBase"]
[SourceDate "2013.08.26"]
[SourceVersion "1"]
[SourceVersionDate "2013.08.26"]
[SourceQuality "1"]

1. e4 c5 2. Nf3 d6 3. d4 cxd4 4. Nxd4 Nf6 5. f3 Nc6 6. c4 g6 7. Nc3 Bg7 8. Be3 0-0 9. Qd2 Qa5 10. Be2 Bd7 11. 0-0 Rfc8 12. Rac1 a6 13. a3 Ne5 14. Nb3 Qd8 15. Nd5 Nxd5 16. cxd5 Rxc1 17. Rxc1 Rc8 18. Qb4 b5 19. Na5 Rxc1+ 20. Bxc1 Qb6+ 21. Kf1 Bf6 22. Bf4 Bh4 23. Bg3 Bxg3 24. hxg3 f5 25. f4 Nf7 26. Nb3 Qe3 27. Qd4 Qxb3 28. e5 e6 29. Bf3 Qc4+ 30. Qxc4 bxc4 31. exd6 Nxd6 32. g4 Kf8 0-1

[Event "Pardubice op rap 24th"]
[Site "Pardubice"]
[Date "2013.07.17"]
[Round "1"]
[White "Pasiev, Rakhim"]
[Black "Makevich, Pavel"]
[Result "1-0"]
[WhiteElo "2384"]
[BlackElo "2119"]
[PlyCount "24"]
[EventDate "2013.07.17"]
[EventType "swiss (rapid)"]
[EventRounds "9"]
[EventCountry "CZE"]
[SourceTitle "CBM 155 Extra"]
[Source "ChessBase"]
[SourceDate "2013.08.26"]
[SourceVersion "1"]
[SourceVersionDate "2013.08.26"]
[SourceQuality "1"]

1. e4 d5 2. exd5 Qxd5 3. Nc3 Qd6 4. Nf3 c6 5. d4 Nf6 6. g3 Bg4 7. Bg2 Nbd7 8. Bf4 Qe6+ 9. Qe2 Qxe2+ 10. Nxe2 e6 11. 0-0-0 Nd5 12. Bd2 Be7 1-0

[Event "CZE-chT2B 1011"]
[Site "Czech Republic"]
[Date "2011.02.06"]
[Round "7.5"]
[White "Makevich, Pavel"]
[Black "Kozak, Milos"]
[Result "1/2-1/2"]
[WhiteElo "2057"]
[BlackElo "2213"]
[PlyCount "86"]
[EventDate "2010.10.17"]
[EventType "team-tourn"]
[EventRounds "11"]
[EventCountry "CZE"]
[SourceTitle "EXT 2012"]
[Source "ChessBase"]
[SourceDate "2011.11.24"]
[SourceVersion "1"]
[SourceVersionDate "2011.11.24"]
[SourceQuality "1"]
[WhiteTeam "Usti nad Labem"]
[BlackTeam "Postovni sporitelna II"]
[WhiteTeamCountry "CZE"]
[BlackTeamCountry "CZE"]

1. e4 c6 2. d4 d5 3. e5 Bf5 4. Nf3 e6 5. Be2 c5 6. Be3 cxd4 7. Nxd4 Ne7 8. Bg5 Qb6 9. Nc3 Nbc6 10. Bb5 Bg6 11. h4 h6 12. Be3 Qc7 13. h5 Bh7 14. f4 a6 15. Bd3 Bxd3 16. cxd3 Nxd4 17. Bxd4 Nc6 18. Bf2 Be7 19. 0-0 0-0 20. Qd2 f6 21. exf6 Bxf6 22. Bc5 Rfe8 23. Qf2 Qa5 24. Bb6 Qxb6 25. Qxb6 Bd4+ 26. Qxd4 Nxd4 27. Rae1 Rac8 28. Re3 b5 29. a3 a5 30. Rfe1 Kf7 31. f5 exf5 32. Rxe8 Rxe8 33. Rxe8 Kxe8 34. Nxd5 Kd7 35. Kf2 Kd6 36. Nf4 Ke5 37. g3 Nc2 38. Ke2 Nd4+ 39. Ke3 Nc2+ 40. Kd2 Nd4 41. Ng6+ Kd5 42. Ke3 Nc2+ 43. Kd2 Nd4 1/2-1/2

[Event "CZE-chT2B 1011"]
[Site "Czech Republic"]
[Date "2011.01.09"]
[Round "5.6"]
[White "Chmelik, Jiri"]
[Black "Makevich, Pavel"]
[Result "1/2-1/2"]
[WhiteElo "2068"]
[BlackElo "2057"]
[PlyCount "99"]
[EventDate "2010.10.17"]
[EventType "team-tourn"]
[EventRounds "11"]
[EventCountry "CZE"]
[SourceTitle "EXT 2012"]
[Source "ChessBase"]
[SourceDate "2011.11.24"]
[SourceVersion "1"]
[SourceVersionDate "2011.11.24"]
[SourceQuality "1"]
[WhiteTeam "Marty Most"]
[BlackTeam "Usti nad Labem"]
[WhiteTeamCountry "CZE"]
[BlackTeamCountry "CZE"]

1. d4 d5 2. c4 e6 3. Nc3 c6 4. e3 f5 5. Nf3 Nf6 6. Qc2 Bd6 7. b3 0-0 8. g3 b6 9. Bg2 Ne4 10. 0-0 Bb7 11. Ne2 Nd7 12. Nf4 Qe7 13. Nd3 Rac8 14. Bb2 c5 15. Rac1 cxd4 16. exd4 Ba6 17. Rfe1 dxc4 18. bxc4 Rxc4 19. Qb3 Rfc8 20. Rxc4 Bxc4 21. Qc2 Ba6 22. Qb3 Bc4 23. Qc2 Rc7 24. Rc1 b5 25. Qb1 Nb6 26. Nde5 Bd5 27. Rxc7 Qxc7 28. Bf1 b4 29. Bd3 Na4 30. g4 Nac3 31. Bxc3 Qxc3 32. gxf5 exf5 33. Bc2 Bxe5 34. Nxe5 Qxd4 35. Nd3 Nc3 36. Qxb4 Qxb4 37. Nxb4 Bxa2 38. Nxa2 Ne2+ 39. Kf1 Nd4 40. Bd1 Kf7 41. Ke1 Ke6 42. Kd2 g5 43. Ke3 Ke5 44. Nc3 g4 45. Na4 h5 46. Nb2 f4+ 47. Kd3 Nc6 48. Nc4+ Kf5 49. Kc3 h4 50. Nd6+ 1/2-1/2